परंपराओं का लोक विमर्श (Record no. 1434333)

MARC details
000 -LEADER
fixed length control field 01129nam a22002297a 4500
005 - DATE AND TIME OF LATEST TRANSACTION
control field 20250728144645.0
008 - FIXED-LENGTH DATA ELEMENTS--GENERAL INFORMATION
fixed length control field 250728b |||||||| |||| 00| 0 eng d
020 ## - INTERNATIONAL STANDARD BOOK NUMBER
International Standard Book Number 978-93-95472-80-7 (hbk)
037 ## - SOURCE OF ACQUISITION
Terms of availability TB
040 ## - CATALOGING SOURCE
Original cataloging agency CRL
Transcribing agency CRL
041 ## - LANGUAGE CODE
Source of code hin
Language code of text/sound track or separate title hin
084 ## - COLON CLASSIFICATION NUMBER
Classification number Y:351.2 152R4
Assigning agency CRL
245 ## - TITLE STATEMENT
Title परंपराओं का लोक विमर्श
260 ## - PUBLICATION, DISTRIBUTION, ETC.
Place of publication, distribution, etc. नई दिल्ली, भारत:
Name of publisher, distributor, etc. किताबवाले,
Date of publication, distribution, etc. 2024.
300 ## - PHYSICAL DESCRIPTION
Extent 227पृ.
650 ## - SUBJECT ADDED ENTRY--TOPICAL TERM
Topical term or geographic name entry element समाजशास्त्र
9 (RLIN) 816654
650 ## - SUBJECT ADDED ENTRY--TOPICAL TERM
Topical term or geographic name entry element भारतीय - लोक साहित्य
9 (RLIN) 816655
700 ## - ADDED ENTRY--PERSONAL NAME
Personal name कुठियाला, बृज किशोर
Relator term संपादक
9 (RLIN) 816656
700 ## - ADDED ENTRY--PERSONAL NAME
Personal name आर्य, अमरेन्द्र कुमार
Relator term संपादक
9 (RLIN) 816657
942 ## - ADDED ENTRY ELEMENTS (KOHA)
Source of classification or shelving scheme Colon Classification (CC)
Koha item type Textbook
Classification part Y:351.2 152R4
Suppress in OPAC No
Holdings
Withdrawn status Lost status Source of classification or shelving scheme Damaged status Not for loan Home library Current library Date acquired Source of acquisition Cost, normal purchase price Inventory number Total Checkouts Full call number Barcode Date last seen Price effective from Koha item type
    Colon Classification (CC)     Central Library Central Library 2025-07-28 वी. सी. ऑफिस 1200.00 गिफ्ट   Y:351.2 152R4 CL1699781 2025-07-28 2025-07-28 Textbook
Copyright @ Delhi University Library System